Popular British Destinations - Statistics

General Stats
  • This quiz has been taken 25 times
  • The average score is 9 of 10
Answer Stats
hint tourists Answer % Correct
2 9.2 million France
96%
7 3.4 million Ireland
96%
1 17.8 million Spain
96%
6 3.9 million USA
96%
3 4.9 million Italy
92%
5 4 million Portugal
92%
4 4.1 million Greece
88%
10 2.7 million Netherlands
88%
8 3.2 million Turkey
80%
9 2.8 million Poland
56%
No matching quizzes found
Score Distribution
Percent of People with Each Score
Percentile by Number Answered
Your Score History
You have not taken this quiz